000
00216nam a22000857a 4500
008
170113b xxu||||| |||| 00| 0 eng d
100
_9
2394
_a
Gupta.R.G.
245
_a
Manual Mathamatics-VIII
260
_a
New Delhi
_b
APC
_c
2010
999
_c
5405
_d
5405